[Event "Tournament (open)"]
[Site "masterchessopen.com Berdsk (Russia)"]
[Date "2010.07.10"]
[Round "3"]
[White "Popov Roman (RUS)"]
[Black "Kryuchkov Alexandr (RUS)"]
[Result "1-0"]
[WhiteElo "2356"]
[BlackElo "2112"]

1.d4 Nf6 2.Nf3 d5 3.c4 e6 4.g3 dxc4 5.Bg2 Be7 6.O-O O-O 7.Qc2 a6 8.a4 Nc6
9.Qxc4 Qd5 10.Qxd5 Nxd5 11.Nc3 Ndb4 12.Bf4 Bd8 13.Rac1 Ne7 14.Rfd1 Ned5 15.Bd2
c6 16.Nxd5 Nxd5 17.a5 Be7 18.Ne5 f6 19.Nd3 Nc7 20.Nc5 Nb5 21.Be1 Rd8 22.e3 Rb8
23.Bb4 Kf7 24.Bf1 h5 25.Bc4 Nd6 26.Ba2 Ne4 27.Nd3 Bxb4 28.Nxb4 Ke7 29.f3 Nd6
30.Kf2 Bd7 31.e4 Rbc8 32.Nd3 Nb5 33.Ke3 Rb8 34.Nf4 g5 35.Nd3 Be8 36.Nc5 Bf7
37.e5 f5 38.Rd2 Nc7 39.Rcc2 Nd5+ 40.Bxd5 cxd5 41.h4 g4 42.fxg4 fxg4 43.Rf2 Bg6
44.Rc3 b6 45.Nxa6 bxa5 46.Nxb8 Rxb8 47.b3 Rb7 48.Ra2 Ra7 49.b4 a4 50.b5 Be8
51.b6 Ra8 52.b7 Rb8 53.Rb2 Kf7 54.Rb6 Bd7 55.Rc7 Ke8 56.Rd6 a3 57.Rdxd7 a2
58.Rh7 Kd8 59.Rcg7 {#r} 1-0

[Event "It (open)"]
[Site "masterchessopen.com Barbera del Valles (Spain)"]
[Date "2010.07.12"]
[Round "9"]
[White "Gomez Jurado Luis Alberto (ESP)"]
[Black "Lorenzo De La Riva Lazaro (ESP)"]
[Result "1-0"]
[WhiteElo "2339"]
[BlackElo "2391"]

1.d4 e6 2.c4 d5 3.Nf3 Nf6 4.g3 Be7 5.Bg2 dxc4 6.O-O O-O 7.Ne5 c5 8.dxc5 Bxc5
9.Qc2 Nbd7 10.Nxc4 Qe7 11.Nc3 Nb6 12.Ne5 Bd6 13.Nd3 h6 14.Nb5 Nfd5 15.e4 Nb4
16.Nxb4 Bxb4 17.Be3 Bd7 18.Nxa7 Rxa7 19.Bxb6 Ra6 20.Be3 Rc8 21.Qe2 Rac6 22.e5
Rc2 23.Qg4 R8c4 24.Be4 h5 25.Qf3 Bc6 26.Bxc6 Rxc6 27.a3 Bc5 28.Bxc5 Qxc5
29.Rad1 Rc8 30.Rd7 Rf8 31.Rxb7 Qxe5 32.Qb3 Rfc8 33.Rb5 R2c5 34.Rxc5 Rxc5 35.a4
h4 36.Rd1 Qe2 37.Rd8+ Kh7 38.Qd3+ {#r} 1-0

[Event "It (open)"]
[Site "masterchessopen.com Dortmund (Germany)"]
[Date "2010.07.21"]
[Round "5"]
[White "Bouaraba Max (GER)"]
[Black "Aulich Marcell (GER)"]
[Result "1-0"]
[WhiteElo "2219"]
[BlackElo "2111"]

1.d4 d5 2.Nf3 Nf6 3.g3 e6 4.Bg2 Be7 5.c4 dxc4 6.Qc2 a6 7.a4 O-O 8.O-O c5
9.dxc5 Qc7 10.Qxc4 Qxc5 11.Na3 Nbd7 12.Be3 Qxc4 13.Nxc4 Nd5 14.Bd4 Nc5 15.Nfd2
Rd8 16.Rfd1 Nxa4 17.Rxa4 b5 18.Nb6 bxa4 19.Nxa8 Nb4 20.Bc3 a5 21.Ra1 Bd7
22.Nb6 Bb5 23.Nbc4 Rc8 24.Nxa5 a3 25.Rxa3 Bxe2 26.Rb3 Na2 27.Nc6 Bg5 28.f4 Bd8
29.Nxd8 Rxd8 30.Kf2 Bd1 31.Rb7 Nxc3 32.Ke1 Na4 33.Kxd1 Nc5 34.Ra7 Nd3 35.b3
{#r} 1-0

[Event "It (open)"]
[Site "masterchessopen.com Dortmund (Germany)"]
[Date "2010.07.22"]
[Round "6"]
[White "Sundorf Jannik (GER)"]
[Black "Kiehn Andreas"]
[Result "1-0"]
[WhiteElo "2098"]
[BlackElo "1746"]

1.d4 Nf6 2.c4 e6 3.g3 d5 4.Bg2 dxc4 5.Nf3 Be7 6.O-O O-O 7.Ne5 Nbd7 8.Nxc4 c6
9.Bd2 Nd5 10.e4 N5f6 11.Nc3 b5 12.Ne3 Nb6 13.e5 Nfd5 14.Ncxd5 Nxd5 15.Bxd5
cxd5 16.Qb3 Qb6 17.Bb4 Bxb4 18.Qxb4 a5 19.Qd2 f6 20.f4 fxe5 21.fxe5 Ba6 22.b4
Rxf1+ 23.Rxf1 Rf8 24.Rxf8+ Kxf8 25.bxa5 Qc7 26.a3 Ke8 27.Qc2 Qxc2 28.Nxc2 Kd7
29.Kf2 Kc7 30.Ke3 Bc8 31.Kd2 Bd7 32.Kc3 Be8 33.Kb4 Kc6 34.Na1 Bg6 35.Nb3 Bf5
36.Nc5 Bg4 37.a6 Kb6 38.a7 Kxa7 39.Kxb5 {#r} 1-0

[Event "It (open)"]
[Site "masterchessopen.com Forio (Italy)"]
[Date "2010.07.23"]
[Round "8"]
[White "Caprio Guido (ITA)"]
[Black "Naumkin Igor (RUS)"]
[Result "0-1"]
[WhiteElo "2265"]
[BlackElo "2483"]

1.d4 Nf6 2.c4 e6 3.g3 d5 4.Nf3 dxc4 5.Bg2 Be7 6.O-O O-O 7.Qc2 a6 8.Qxc4 b5
9.Qc2 Bb7 10.Bd2 Be4 11.Qc1 Nc6 12.e3 b4 13.Qc4 Na5 14.Qe2 c5 15.Rc1 c4 16.Be1
Rc8 17.Qd1 Qb6 18.Nbd2 Bd5 19.Ne5 Qb7 20.Bf1 h5 21.Ndxc4 Nxc4 22.Nxc4 h4
23.Be2 hxg3 24.hxg3 Ne4 25.f3 Ng5 26.e4 Nxf3+ 27.Bxf3 Bxc4 28.Rc2 b3 29.Rh2
Rfd8 30.Bc3 e5 31.Kg2 Bf6 32.Qh1 g6 33.axb3 exd4 34.bxc4 dxc3 35.e5 Rd2+
36.Kf1 cxb2 37.Rb1 Rxh2 {#R} 0-1

[Event "Ch France (b)"]
[Site "masterchessopen.com Belfort (France)"]
[Date "2010.08.18"]
[Round "9"]
[White "Gozzoli Yannick (FRA)"]
[Black "Jolly Jean-Francois (FRA)"]
[Result "1-0"]
[WhiteElo "2541"]
[BlackElo "2379"]

1.d4 d5 2.Nf3 Nf6 3.c4 e6 4.g3 Be7 5.Bg2 dxc4 6.O-O O-O 7.Qc2 a6 8.a4 Nbd7
9.Nbd2 Nd5 10.Nxc4 b6 11.e4 Nb4 12.Qe2 Bb7 13.Rd1 Nf6 14.Nfe5 Nd7 15.Be3 Nxe5
16.dxe5 Qe8 17.h4 Bc6 18.b3 a5 19.Rac1 Na6 20.Qg4 Kh8 21.Bd4 Bc5 22.Bb2 Qe7
23.Bf1 Rg8 24.Rc2 Bb4 25.Nxb6 Nc5 26.Nxa8 Bxa8 27.Bg2 Nxb3 28.Qg5 Qxg5 29.hxg5
c5 30.Rd3 Bc6 31.Rxb3 Bxa4 32.Rbc3 Bxc2 33.Rxc2 a4 34.Bf1 a3 35.Bc1 {#r} 1-0

[Event "It (open)"]
[Site "masterchessopen.com Brasschaat (Belgium)"]
[Date "2010.08.19"]
[Round "6"]
[White "Knors Rudy (BEL)"]
[Black "Busschots Johan (BEL)"]
[Result "1-0"]
[WhiteElo "2123"]
[BlackElo "1944"]

1.d4 e6 2.Nf3 Nf6 3.g3 d5 4.Bg2 Be7 5.c4 dxc4 6.Na3 c5 7.O-O Nc6 8.dxc5 O-O
9.Bf4 Nd5 10.Bd6 Bxd6 11.cxd6 c3 12.bxc3 Qxd6 13.Qb3 Qc5 14.Rac1 Rd8 15.Rfd1
Bd7 16.c4 Na5 17.Qb2 Nb6 18.Ne5 Bc6 19.Nd3 Na4 20.Nxc5 Nxb2 21.Rxd8+ Rxd8
22.Bxc6 bxc6 23.Rc2 Rb8 24.Nb3 {#r} 1-0

[Event "Ch Romania (team)"]
[Site "masterchessopen.com Baile Herculane (Romania)"]
[Date "2010.09.04"]
[Round "1"]
[White "Lupulescu Constantin (ROM)"]
[Black "Szabo Gergely-Andras-Gyula (ROM)"]
[Result "1-0"]
[WhiteElo "2617"]
[BlackElo "2552"]

1.d4 e6 2.Nf3 Nf6 3.c4 d5 4.g3 dxc4 5.Bg2 Be7 6.O-O O-O 7.Qc2 a6 8.a4 Bd7
9.Rd1 Bc6 10.Nc3 Bb4 11.Bg5 Bxc3 12.Bxf6 Qxf6 13.bxc3 Nd7 14.Qa2 Rfd8 15.Qxc4
Nb6 16.Qb3 Bd5 17.Qb1 Qg6 18.Ne5 Qxb1 19.Rdxb1 Bxg2 20.Kxg2 a5 21.Nd3 Ra7
22.Nc5 Rb8 23.Kf1 Nc4 24.Ke1 b6 25.Ne4 Rd8 26.e3 Kf8 27.Nd2 Nxd2 28.Kxd2 Ke7
29.Ke2 Rd6 30.Rb5 Ra8 31.c4 Rad8 32.Ra2 f6 33.f4 f5 34.h3 g6 35.g4 h5 36.g5 h4
37.Rab2 Rc6 38.Kd3 Rd7 39.Rc2 Kd8 40.c5 Rd5 41.cxb6 Rxb5 42.Rxc6 Rxb6 43.Rxb6
cxb6 44.e4 Kd7 45.d5 fxe4+ 46.Kxe4 Kd6 47.dxe6 Kxe6 48.Ke3 Kf5 49.Kf3 Ke6
50.Ke4 Kd6 51.f5 gxf5+ 52.Kxf5 Ke7 53.g6 {#r} 1-0

[Event "Ch India (juniors) (under 15)"]
[Site "masterchessopen.com Delhi (India)"]
[Date "2010.09.12"]
[Round "11"]
[White "Deepthamsh Reddy M (IND)"]
[Black "Debarshi Mukherjee (IND)"]
[Result "1-0"]
[WhiteElo "2123"]
[BlackElo "1882"]

1.d4 d5 2.Nf3 Nf6 3.g3 e6 4.c4 dxc4 5.Bg2 Be7 6.O-O O-O 7.Qc2 a6 8.Qxc4 b5
9.Qc2 Bb7 10.Bg5 Nbd7 11.Bxf6 Bxf6 12.Nbd2 Rc8 13.Nb3 c5 14.dxc5 Be7 15.Ng5
Bxg5 16.Bxb7 Rc7 17.Bxa6 Qb8 18.a4 bxa4 19.Rxa4 Be7 20.Rc4 Qa7 21.Bb5 Nxc5
22.Nd4 Qb7 23.b4 e5 24.Bc6 Qb8 25.Nf5 Ne6 26.Bd5 Nd4 27.Nxd4 Rxc4 28.Qxc4 exd4
29.b5 Qa7 30.Rc1 Bd8 31.Rc2 Be7 32.Qc6 Rb8 33.Ra2 Qb6 34.Qxb6 Rxb6 35.Ra7 Bc5
36.Rxf7 {#r} 1-0

[Event "Tournament (Elo)"]
[Site "masterchessopen.com Nevinnomyssk (Russia)"]
[Round "2"]
[White "Doronin Oleg (KAZ)"]
[Black "Erendzhenov Stanislav (RUS)"]
[Result "0-1"]
[WhiteElo "1973"]
[BlackElo "2280"]

1.d4 Nf6 2.c4 e6 3.Nf3 d5 4.g3 Be7 5.Bg2 dxc4 6.O-O Nc6 7.Ne5 Nxe5 8.dxe5 Qxd1
9.Rxd1 Nd7 10.f4 Nb6 11.Be3 Rb8 12.Nd2 Bd7 13.Bxb6 axb6 14.Nxc4 Bc5+ 15.Kf1
Bb5 16.b3 Ke7 17.a4 Bxc4 18.bxc4 h5 19.h3 h4 20.g4 Be3 21.f5 Bf4 22.f6+ gxf6
23.exf6+ Kxf6 24.Rd7 Bd6 25.a5 bxa5 26.Rxa5 b6 27.Ra7 Rbd8 28.Rxd8 Rxd8 29.Ra8
Rxa8 30.Bxa8 Ke5 31.e3 Bb4 32.Ke2 Kd6 33.Be4 f6 34.Kd3 Kc5 35.Bg6 Ba3 36.Bf7
Kd6 37.e4 Ke5 38.Ke3 Bb2 39.Kf3 c6 40.Be8 Kd4 41.Bxc6 Kxc4 42.Bd7 e5 43.Ke2 b5
44.Kd2 b4 45.Kc2 Bc3 46.Be6+ Kd4 47.Bf5 Ke3 48.Kb3 Kf3 49.Kc2 Kg3 50.Kb3 Bd2
51.Kc2 Bg5 52.Kb3 Kxh3 53.Kxb4 Kg2 54.Bd7 h3 {#R} 0-1

[Event "Ch Provincial (seniors)"]
[Site "masterchessopen.com Lleida (Spain)"]
[Date "2010.11.13"]
[Round "3"]
[White "Badia Torra Jaume (ESP)"]
[Black "Ponsarnau Marquilles Jaime (ESP)"]
[Result "1-0"]
[WhiteElo "1914"]
[BlackElo "1843"]

1.d4 d5 2.c4 e6 3.Nf3 Nf6 4.g3 Be7 5.Bg2 dxc4 6.O-O O-O 7.Qc2 Nd5 8.Qxc4 Nc6
9.a3 a5 10.Rd1 f5 11.e3 Qe8 12.Nc3 Nb6 13.Qe2 Qh5 14.Bd2 a4 15.Nb5 Bd8 16.Qd3
Bd7 17.Rac1 Na5 18.Bb4 Rf6 19.Nxc7 Bxc7 20.Rxc7 Bc6 21.Nh4 Nd5 22.Bxa5 Rxa5
23.Rc8+ Kf7 24.Re1 Rh6 25.Qe2 Qg5 26.f4 Qe7 27.Nf3 Kf6 28.Ne5 Bb5 29.Qd2 Ra6
30.g4 fxg4 31.Nxg4+ Kf7 32.Nxh6+ gxh6 33.Qc2 Kg7 34.Qe4 Bc6 35.Qe5+ Nf6 36.Rc7
Bd7 37.Rec1 b5 38.Rxd7 {#r} 1-0

[Event "Memorial Vasylyshyn (w)"]
[Site "masterchessopen.com Lvov (Ukraine)"]
[Date "2010.11.23"]
[Round "1"]
[White "Fominykh Maria (RUS)"]
[Black "Buksa Nataliya (UKR)"]
[Result "1-0"]
[WhiteElo "2305"]
[BlackElo "1943"]

1.d4 d5 2.c4 e6 3.Nf3 Nf6 4.g3 Be7 5.Bg2 dxc4 6.Qa4+ Bd7 7.Qxc4 Bc6 8.O-O Bd5
9.Qa4+ Qd7 10.Qd1 Nc6 11.Nc3 Bc4 12.b3 Ba6 13.Bb2 Rd8 14.Qc1 O-O 15.Rd1 Bb4
16.Ne5 Qe8 17.Nxc6 bxc6 18.Ba3 Qe7 19.Bxb4 Qxb4 20.e3 c5 21.Na4 cxd4 22.Qxc7
Be2 23.Rxd4 Rxd4 24.exd4 Qxd4 25.Re1 Bb5 26.Nc3 Bd7 27.Rd1 Qb4 28.Ne2 Qb5
29.Bf3 a5 30.Nd4 Qa6 31.Be2 Qa8 32.Bf3 Qa6 33.Nc6 Bxc6 34.Qxc6 Qa7 35.Rd6 Rb8
36.Qc1 Qe7 37.Ra6 e5 38.Rxa5 e4 39.Be2 h6 40.Qc5 Qd8 41.Ra7 Rc8 42.Qa5 Qd4
43.Ra8 Rxa8 44.Qxa8+ Kh7 45.Qa6 Qb2 46.Bf1 Qc2 47.Qe2 Qb1 48.h3 Nd7 49.Qb5 Nf6
50.a4 Qd1 51.a5 g6 52.a6 e3 53.fxe3 Qd6 54.Bg2 Qxg3 55.Qe2 Qc7 56.Qc4 Qa7
57.Kf2 Ne8 58.Qc6 Qe7 59.Qb5 Qf6+ 60.Kg1 Qa1+ 61.Bf1 Nd6 62.Qd5 Qa3 63.e4 Kg8
64.e5 Nf5 65.e6 Qe7 66.exf7+ Kg7 67.f8=Q+ Kxf8 68.Qa8+ Kg7 69.Qb7 Qxb7 70.axb7
{#r} 1-0

[Event "Memorial Crespi (open) (b)"]
[Site "masterchessopen.com Milan (Italy)"]
[Date "2010.12.04"]
[Round "1"]
[White "Regorda Vittorio (ITA)"]
[Black "Moroni Luca Jr (ITA)"]
[Result "1-0"]
[WhiteElo "1872"]
[BlackElo "1736"]

1.d4 d5 2.c4 e6 3.Nf3 Nf6 4.g3 Be7 5.Bg2 dxc4 6.O-O O-O 7.Ne5 Nbd7 8.Nxc4 c5
9.Nc3 cxd4 10.Qxd4 Bc5 11.Qd3 Qe7 12.Bg5 h6 13.Bf4 e5 14.Be3 Bxe3 15.Qxe3 Qb4
16.b3 Re8 17.Nd5 Nxd5 18.Bxd5 Nf6 19.Bg2 Bf5 20.a3 Qe7 21.h3 a6 22.Rad1 Rad8
23.Rxd8 Qxd8 24.Nxe5 Nd7 25.Rd1 Qc7 26.f4 Nxe5 27.fxe5 Qxe5 28.Qxe5 Rxe5
29.Bxb7 Rxe2 30.Bxa6 Re3 31.g4 Bg6 32.Bc4 Kh7 33.Rd7 Rxh3 34.a4 Bc2 35.a5 Bxb3
36.Rd3 Rxd3 37.Bxd3+ g6 38.a6 Bd5 39.Kf2 h5 40.gxh5 f5 41.hxg6+ Kxg6 42.a7 Kf6
43.Be2 Ke5 44.Bf3 {#r} 1-0

[Event "Ch Belgium (team) 2010/11"]
[Site "masterchessopen.com Belgium"]
[Date "2010.12.05"]
[Round "5"]
[White "Docx Stefan (BEL)"]
[Black "De Gueldre Philippe (BEL)"]
[Result "1-0"]
[WhiteElo "2342"]
[BlackElo "2122"]

1.d4 Nf6 2.c4 e6 3.g3 d5 4.Nf3 dxc4 5.Bg2 Be7 6.O-O O-O 7.Qc2 a6 8.Qxc4 b5
9.Qc2 Bb7 10.Bd2 Be4 11.Qc1 Nbd7 12.Ba5 Ra7 13.Nbd2 Bd5 14.Qc2 Qa8 15.b4 Ne4
16.Ne1 Nxd2 17.Qxd2 Nb8 18.Rc1 Bxg2 19.Nxg2 Nc6 20.e3 Nxa5 21.bxa5 c5 22.dxc5
Rc7 23.Nf4 Bxc5 24.Rfd1 Rfc8 25.Nd3 Be7 26.Rxc7 Rxc7 27.Nc1 Qc8 28.Nb3 h6
29.Qd3 Bf6 30.Rd2 Rc4 31.h4 Qc6 32.Qd7 Qxd7 33.Rxd7 Rc6 34.Ra7 g6 35.Kg2 Kg7
36.Kf3 Be5 37.Ke4 Bc3 38.g4 Bf6 39.h5 Bc3 40.f4 gxh5 41.gxh5 Kf6 42.Kd3 e5
43.Rb7 exf4 44.exf4 Ke6 45.Rb6 Rxb6 46.axb6 Bb4 47.b7 Bd6 48.Nc5+ Kf5 49.Nxa6
Kxf4 50.b8=Q Bxb8 51.Nxb8 Kg4 52.Nc6 Kxh5 53.Nd4 Kg4 54.Nxb5 h5 55.Nd4 h4
56.Ke3 h3 57.Kf2 Kf4 58.a4 Ke5 59.a5 Kd6 60.Kg3 {#r} 1-0

[Event "It (cat.6)"]
[Site "masterchessopen.com Tula (Russia)"]
[Date "2010.12.06"]
[Round "6"]
[White "Domogaev Sergey (RUS)"]
[Black "Stepanov Alexander M (RUS)"]
[Result "1-0"]
[WhiteElo "2365"]
[BlackElo "2381"]

1.d4 Nf6 2.c4 e6 3.Nf3 d5 4.g3 Be7 5.Bg2 dxc4 6.O-O O-O 7.Na3 Bxa3 8.bxa3 Nc6
9.a4 Qd5 10.Bb2 Qa5 11.Qc2 Rd8 12.Qxc4 Nd5 13.Qb5 Nb6 14.Qxa5 Nxa5 15.Bc3 Nac4
16.a5 Nd5 17.Rfc1 Nd6 18.Bb2 c6 19.a6 Rb8 20.axb7 Bxb7 21.Rab1 f6 22.Nd2 Ba6
23.Bf3 Bb5 24.Ba3 Nf7 25.Nc4 Ng5 26.Bg2 Bxc4 27.Rxb8 Rxb8 28.Rxc4 Rb1+ 29.Rc1
Rxc1+ 30.Bxc1 Nc3 31.Kf1 Nge4 32.Bb2 a6 33.Ke1 Na4 34.Ba1 f5 35.Bxe4 fxe4
36.Kd2 Kf7 37.Ke3 Nb6 38.Kxe4 Nd5 39.Ke5 Ke7 40.Bb2 Kd7 41.h3 Ke7 42.Ke4 Kd6
43.Ba3+ Kd7 44.Kd3 Nb6 45.Bc5 Na4 46.h4 g6 47.Ba7 Nb2+ 48.Kc2 Nc4 49.Bc5 Kc7
50.Kc3 Na5 51.Kd3 Nb7 52.Ke4 Kd7 53.Ke5 Na5 54.Kf6 Nc4 55.g4 Nd2 56.Kg7 Ke8
57.Kxh7 Kf7 58.h5 gxh5 59.g5 Ne4 60.g6+ Ke8 61.g7 Nf6+ 62.Kg6 Ng8 63.Kxh5 {#r}
1-0

[Event "It (sheveningen) \"]
[Site "masterchessopen.com Ankara (Turkey)"]
[Date "2011.03.27"]
[Round "10"]
[White "Guramishvili Sopiko (GEO)"]
[Black "Sanal Vahap (TUR)"]
[Result "1-0"]
[WhiteElo "2359"]
[BlackElo "2271"]

1.d4 Nf6 2.c4 e6 3.g3 d5 4.Bg2 Be7 5.Nf3 dxc4 6.Qc2 O-O 7.O-O Nbd7 8.Qxc4 a6
9.Qc2 c5 10.Nc3 cxd4 11.Nxd4 Bc5 12.Nb3 Ba7 13.Bd2 Rb8 14.a4 b6 15.Nb5 axb5
16.axb5 Bb7 17.Rxa7 Bxg2 18.Kxg2 Ne5 19.e4 Qd3 20.Qxd3 Nxd3 21.f3 Nxb2 22.Rc1
Rbc8 23.Nd4 Rxc1 24.Bxc1 Nd3 25.Ba3 Re8 26.Nc6 h5 27.Kf1 g6 {#r} 1-0

[Event "It \"]
[Site "masterchessopen.com Sao Paulo (Brazil)"]
[Date "2011.04.22"]
[Round "4"]
[White "Barbosa Paulo Eduardo E Silva (BRA)"]
[Black "Rezende Guilherme Vilela (BRA)"]
[Result "1-0"]
[WhiteElo "2244"]
[BlackElo "2060"]

1.Nf3 Nf6 2.c4 e6 3.g3 d5 4.d4 dxc4 5.Bg2 Be7 6.O-O O-O 7.Qc2 Nc6 8.Qxc4 Qd5
9.Qa4 Rd8 10.e3 Qh5 11.Nc3 Bd7 12.Qd1 Be8 13.Bd2 e5 14.Nxe5 Nxe5 15.Qxh5 Nxh5
16.dxe5 Rxd2 17.g4 Rxb2 18.Rab1 Rc2 19.Nd5 Bd8 20.Nb4 Rc5 21.Bxb7 Rb8 22.Na6
Rxb7 23.Rxb7 Rxe5 24.Rb8 Kf8 25.Rxd8 Ke7 26.Rfd1 Nf6 27.h3 h5 28.R8d4 hxg4
29.hxg4 Bd7 30.f4 Rxe3 31.g5 {#r} 1-0

[Event "Ch Asian Cities (team)"]
[Site "masterchessopen.com Jakarta (Indonesia)"]
[Date "2011.04.28"]
[Round "9"]
[White "Li Chao (CHN)"]
[Black "Kyaw Lin Naing (MYA)"]
[Result "1-0"]
[WhiteElo "2710"]
[BlackElo "2234"]

1.d4 Nf6 2.c4 e6 3.g3 d5 4.Bg2 Be7 5.Nf3 dxc4 6.O-O O-O 7.Qc2 Nbd7 8.Qxc4 c5
9.dxc5 Bxc5 10.Nc3 a6 11.Bg5 b5 12.Bxf6 Qxf6 13.Qd3 Ra7 14.Ne4 Qe7 15.Rac1 Bb7
16.Nxc5 Nxc5 17.Qd4 Bxf3 18.Bxf3 Rc7 19.Rfd1 a5 20.Qd6 Qxd6 21.Rxd6 b4 22.Rc6
Rxc6 23.Bxc6 Na6 24.Bb7 Nb8 25.Rc5 {#r} 1-0

[Event "It (open) \"]
[Site "masterchessopen.com Ostrava (Czech Republic)"]
[Date "2011.05.02"]
[Round "3"]
[White "Strebkovs Andrejs (LAT)"]
[Black "Lexa Vaclav (CZE)"]
[Result "1-0"]
[WhiteElo "2344"]
[BlackElo "1921"]

1.d4 Nf6 2.Nf3 e6 3.g3 d5 4.Bg2 Be7 5.c4 dxc4 6.O-O O-O 7.Ne5 Nbd7 8.Nxc4 Rb8
9.Nc3 Nb6 10.Nxb6 axb6 11.e4 Bd7 12.Bf4 h6 13.Qe2 Re8 14.Rac1 Nh7 15.Nb5 Bxb5
16.Qxb5 c6 17.Qb3 Rc8 18.Be3 Nf6 19.Rfd1 Ng4 20.d5 exd5 21.Bxb6 Qd7 22.exd5
cxd5 23.Bxd5 Bg5 24.Rxc8 Rxc8 25.Be4 Rc1 26.Rxc1 Bxc1 27.Qc2 Bg5 28.Bf5 {#r}
1-0

[Event "It \"]
[Site "masterchessopen.com Los Angeles (USA)"]
[Date "2011.06.01"]
[Round "1"]
[White "Banawa Joel Cholo (USA)"]
[Black "Akopyan Harutyun (USA)"]
[Result "1-0"]
[WhiteElo "2368"]
[BlackElo "2225"]

1.Nf3 Nf6 2.c4 e6 3.g3 d5 4.d4 Be7 5.Bg2 dxc4 6.Qa4+ Nbd7 7.O-O O-O 8.Qxc4 a6
9.Qc2 Rb8 10.Rd1 b5 11.Bd2 Bb7 12.Ba5 Nd5 13.a3 f5 14.Nbd2 Qe8 15.Nb3 f4
16.Nc5 Nxc5 17.dxc5 c6 18.Nd4 Qf7 19.g4 h5 20.Bf3 e5 21.Nf5 hxg4 22.Be4 Bc8
23.Nd6 Bxd6 24.cxd6 Bd7 25.Qc5 Be6 26.Qxc6 Rfc8 27.Qxd5 Kh8 28.Qxe5 Re8 29.Qg5
Kg8 {#r} 1-0

[Event "It (open) (major)"]
[Site "masterchessopen.com Gatwick (England)"]
[Date "2011.06.19"]
[Round "4"]
[White "Watson Darrell (ENG)"]
[Black "Kalairajah Shyam"]
[Result "1-0"]
[WhiteElo "1648"]
[BlackElo "1322"]

1.d4 d5 2.c4 e6 3.Nf3 Nf6 4.g3 dxc4 5.Bg2 Be7 6.Qa4+ Nbd7 7.Qxc4 O-O 8.O-O a6
9.Nc3 b5 10.Qb3 Bb7 11.Re1 Rc8 12.e4 c5 13.Qd1 b4 14.e5 bxc3 15.exf6 Nxf6
16.bxc3 Nd5 17.Bb2 Nb6 18.Rb1 Bd5 19.a3 Nc4 20.Bc1 cxd4 21.cxd4 Bxa3 22.h4
Bxc1 23.Rxc1 Qf6 24.Ne5 Nxe5 25.dxe5 Rxc1 26.Qxc1 Qe7 27.Bxd5 exd5 28.Qd1 Qe6
29.Re3 Rd8 30.Qd4 h6 31.g4 g6 32.Rf3 Kg7 33.Rf6 Qe7 34.g5 hxg5 35.hxg5 Re8
36.e6 fxe6 37.Rxe6+ Kf8 38.Rxe7 Rxe7 39.Qxd5 Kg7 40.Qd4+ Kf8 41.Qf6+ Ke8
42.Qxg6+ {#r} 1-0

[Event "Tournament \"]
[Site "masterchessopen.com Los Angeles (USA)"]
[Date "2011.06.26"]
[Round "4"]
[White "Tanaka Christian T (USA)"]
[Black "Kudryavtsev Vadim (RUS)"]
[Result "1-0"]
[WhiteElo "2072"]
[BlackElo "2083"]

1.d4 Nf6 2.c4 e6 3.g3 d5 4.Bg2 dxc4 5.Nf3 Be7 6.O-O O-O 7.Ne5 Nc6 8.Bxc6 bxc6
9.Nxc6 Qe8 10.Nxe7+ Qxe7 11.Qa4 c5 12.Qxc4 cxd4 13.Qxd4 Rb8 14.b3 e5 15.Qh4
Qe6 16.Bg5 Nd5 17.e4 Nb4 18.Be7 Re8 19.Bxb4 Rxb4 20.Nc3 f5 21.exf5 Qd6 22.Rad1
Qf8 23.Qg5 Bxf5 24.Rfe1 h6 25.Qe3 Qf7 26.Qc5 Qb7 27.Rxe5 Rc8 28.Qe3 Bh3 29.f3
Qc6 30.Nd5 Qc2 31.Qe2 Qc5+ 32.Kh1 Rb7 33.Nf4 {#r} 1-0

[Event "It \"]
[Site "masterchessopen.com Philadelphia (USA)"]
[Date "2011.07.04"]
[Round "9"]
[White "Sharevich Anna (BLR)"]
[Black "Harmon Luke (USA)"]
[Result "1-0"]
[WhiteElo "2257"]
[BlackElo "2204"]

1.d4 Nf6 2.c4 e6 3.g3 d5 4.Bg2 Be7 5.Nf3 dxc4 6.Qa4+ Nbd7 7.Qxc4 a6 8.Qc2 O-O
9.O-O Rb8 10.Rd1 b5 11.Ne5 Nxe5 12.dxe5 Nd5 13.a3 Qe8 14.e4 Nb6 15.Qxc7 Bd7
16.Qc2 Rc8 17.Qe2 Nc4 18.b3 Nxe5 19.Bb2 Ng6 20.h4 Bc5 21.h5 Ne7 22.Qd2 Bb6
23.Bxg7 Rc2 24.Qxc2 Kxg7 25.Qd2 {#r} 1-0

[Event "It (open)"]
[Site "masterchessopen.com Police (Poland)"]
[Date "2011.07.09"]
[Round "5"]
[White "Zschaebitz Klaus (GER)"]
[Black "Oleniak Wlodzimierz (UKR)"]
[Result "1-0"]
[WhiteElo "2093"]
[BlackElo "1863"]

1.d4 Nf6 2.c4 e6 3.g3 d5 4.Nf3 Be7 5.Bg2 dxc4 6.Qa4+ Nbd7 7.O-O O-O 8.Qxc4 Nb6
9.Qc2 c6 10.e4 Bd7 11.h3 Rc8 12.Be3 Na8 13.Nbd2 Ne8 14.Rac1 Kh8 15.Rfd1 Nac7
16.Qb3 b6 17.Ne5 Na8 18.Qa4 Qc7 19.Nxd7 Qxd7 20.d5 b5 21.dxc6 Qxd2 22.Qxa7 Qb4
23.a3 Qxb2 24.Qxe7 Nec7 25.Bd4 Qb3 26.Bf1 Qf3 27.Qh4 Qb3 28.Bc5 Rg8 29.Rd7 f6
30.Rd3 Qa4 31.Qf4 Ne8 32.Bb4 Qa6 33.Rdc3 Nec7 34.Bd6 e5 35.Qg4 Rcd8 36.Be7 Rd4
37.Bc5 Rd2 38.Bb4 {#r} 1-0

[Event "It (open)"]
[Site "masterchessopen.com Rethymno (Greece)"]
[Date "2011.07.13"]
[Round "4"]
[White "Townsend M Paul (ENG)"]
[Black "Avagianos Simeon (GRE)"]
[Result "0-1"]
[WhiteElo "2253"]
[BlackElo "2065"]

1.d4 d5 2.c4 e6 3.Nf3 Nf6 4.g3 dxc4 5.Bg2 Be7 6.O-O O-O 7.Qc2 a6 8.Qxc4 b5
9.Qc2 Bb7 10.Bd2 Be4 11.Qc1 Nc6 12.Nc3 Bxf3 13.Bxf3 Nxd4 14.Bxa8 Qxa8 15.Be3
Nf5 16.f3 c5 17.Bf2 e5 18.Qc2 Nd4 19.Bxd4 exd4 20.Nd1 Nd5 21.Qe4 Bf6 22.f4 Re8
23.Qf3 Qd8 24.Rc1 c4 25.Kh1 Ne3 26.Re1 g6 27.Nxe3 Rxe3 28.Qf2 Qa5 29.f5 g5
30.h4 h6 31.a4 Qd2 32.axb5 axb5 33.hxg5 hxg5 34.Ra1 Re8 35.Kg2 Kg7 36.Kf1 d3
37.exd3 Qxd3+ 38.Kg2 Qd5+ 39.Qf3 Qxf3+ 40.Kxf3 Rxe1 41.Rxe1 Bxb2 {#R} 0-1

[Event "It (open)"]
[Site "masterchessopen.com Pardubice (Czech Republic)"]
[Date "2011.07.30"]
[Round "9"]
[White "Adamek Jiri (CZE)"]
[Black "Hoellmann Ludger (GER)"]
[Result "1-0"]
[WhiteElo "2285"]
[BlackElo "2142"]

1.d4 Nf6 2.c4 e6 3.g3 d5 4.Bg2 Be7 5.Nf3 dxc4 6.O-O O-O 7.Qc2 a6 8.a4 Nbd7
9.Qxc4 b5 10.Qb3 Rb8 11.axb5 axb5 12.Ne5 Nxe5 13.dxe5 Nd5 14.Rd1 Qe8 15.Nc3 c6
16.Ne4 Bd7 17.Be3 Qc8 18.Bc5 Bxc5 19.Nxc5 Rd8 20.Rac1 Ra8 21.Bxd5 exd5 22.Qc3
Bf5 23.Nb3 Bd7 24.Nd4 Qb8 25.Nxc6 Bxc6 26.Qxc6 Qxe5 27.Qxb5 Rab8 28.Qd3 Qxb2
29.e4 d4 30.Rb1 Qc3 31.Rxb8 Rxb8 32.Qxd4 Qxd4 33.Rxd4 g6 34.Kg2 Rb3 35.g4 g5
36.Rd5 h6 37.h4 f6 38.hxg5 hxg5 39.Rf5 Kg7 40.e5 fxe5 41.Rxg5+ Kf6 42.Rf5+ Ke6
43.Rf3 Rb8 44.Kg3 Ra8 45.g5 e4 46.Rf4 Ke5 47.Kg4 Ra1 48.Rf8 Rg1+ 49.Kh5 Rg2
50.Kh6 Rh2+ 51.Kg7 Rg2 52.g6 Ke6 53.Kh7 Ke7 54.Rf4 Ke6 55.g7 Rh2+ 56.Kg8 Ke5
57.Rf7 e3 58.fxe3 Ra2 59.Re7+ Kf6 60.Kf8 Rg2 {#r} 1-0

[Event "It (open)"]
[Site "masterchessopen.com Olomouc (Czech Republic)"]
[Date "2011.08.04"]
[Round "1"]
[White "Rojicek Vojtech (CZE)"]
[Black "Blazeka Djuro (CRO)"]
[Result "1-0"]
[WhiteElo "2406"]
[BlackElo "1900"]

1.d4 d5 2.c4 e6 3.Nf3 Nf6 4.g3 dxc4 5.Bg2 Be7 6.O-O O-O 7.Qc2 a6 8.a4 Nbd7
9.Qxc4 b5 10.Qc6 Rb8 11.axb5 axb5 12.Ra7 Bd6 13.Bd2 Rb6 14.Qc2 b4 15.Bg5 Bb7
16.Nbd2 h6 17.Nc4 Qb8 18.Nxb6 Qxa7 19.Nxd7 Nxd7 20.Be3 Bd5 21.Nd2 Bxg2 22.Kxg2
Qb7+ 23.Qe4 Qb5 24.Qf3 Nf6 25.Bxh6 gxh6 26.Qxf6 Qxe2 27.Qxh6 f5 28.Qg6+ Kh8
29.Nf3 Qe4 30.Re1 {#r} 1-0

[Event "Tournament (open)"]
[Site "masterchessopen.com Kineshma (Russia)"]
[Date "2011.08.06"]
[Round "7"]
[White "Mamoshin Valery (RUS)"]
[Black "Lebedenko Olga (RUS)"]
[Result "1-0"]
[WhiteElo "2152"]
[BlackElo "1931"]

1.d4 d5 2.Nf3 Nf6 3.c4 e6 4.g3 dxc4 5.Bg2 Be7 6.Na3 c5 7.O-O O-O 8.Nxc4 Nc6
9.dxc5 Bxc5 10.Nfe5 Nxe5 11.Nxe5 Qc7 12.Bf4 Qe7 13.Rc1 Rd8 14.Qc2 Bd6 15.Rfd1
Nd5 16.Be4 h6 17.Nd3 Bd7 18.Bxd6 Qxd6 19.Bxd5 Qxd5 20.Nc5 Qc6 21.Nxd7 Rxd7
22.Qxc6 Rxd1+ 23.Rxd1 bxc6 24.Rd7 Rb8 25.b3 a5 26.Ra7 Rb5 27.Kg2 f6 28.Kf3 Kh7
29.h4 Kg6 30.Ke3 f5 31.f4 Kf6 32.Kd4 Rd5+ 33.Kc4 Rd2 34.Rxa5 Rxe2 35.a4 Rc2+
36.Kb4 {#r} 1-0